000 01832nam a22002537a 4500
001 9652
003 FISKH
005 20260128094731.0
008 260128b cb ||||| |||| 00| 0 eng d
020 _a9781786542229
040 _aFISKH
_beng
_cFISKH
_dFISKH
050 _aPZ7 .B26225 .K
082 _a813.6
100 _aBarnes, Jennifer Lynn
245 _aKiller instinct /
_cBarnes, Jennifer Lynn
250 _aThis edition published in 2023.
260 _aLondon :
_bQuercus,
_c2014.
300 _a376 pages :
_c20 cm
490 _aThe Naturals :
_vBook Two
520 _aSeventeen-year-old Cassie Hobbes has a gift for profiling people. Her talent has landed her a spot in an elite FBI program for teens with innate crime-solving abilities, and into some harrowing situations. After barely escaping a confrontation with an unbalanced killer obsessed with her mother's murder, Cassie hopes she and the rest of the team can stick to solving cold cases from a distance. But when victims of a brutal new serial killer start turning up, the Naturals are pulled into an active case that strikes too close to home: the killer is a perfect copycat of Dean's incarcerated father-a man he'd do anything to forget. Forced deeper into a murderer's psyche than ever before, will the Naturals be able to outsmart the enigmatic killer's brutal mind games before this copycat twists them into his web for good? With her trademark wit, brilliant plotting, and twists that no one will see coming, Jennifer Lynn Barnes will keep readers on the edge of their seats (and looking over their shoulders) as they race through the pages of this thrilling novel. Praise for Killer Instinct "A welcome addition to the teen-sleuth genre."
650 _aMystery
_vSerial Killers
_xYoung Adult
_ySuspense
942 _2ddc
_cBK
_n0
999 _c9652
_d9652